1553 1939 1103 1540 1807 1726 1032 1130 1235 1853 1062 1792 1737 1119 1721 1896 1324 1665 1203 1362 1183 1213 1511 1900 1019 1729 1720 1027 1391 1664 1124 1386 1393 1876 1255 1606 1325 1655 1163 1584 1305 1264 1834 1481 1439 1338 1704 1011 1775 1694 1124 1469 1119 1286 1677 1464 1183 1007 1020 1242 1634 1023 1304 1436 1921 1109 1429 1495 1701 1831 1651 1361 1023 1851 1858 1505 1674 1830 1562 1057 1395 1528 1744 1373 1804 1824 1499 1288 1553 1568 1232 1902 1600 1884 1998 1646 1107 1217 1196 BCNSPRNW ULIB Ver.6.0+V

เปลี่ยนเป็นภาษาไทย

Change to English
 แสดงรายละเอียดบรรณานุกรม
  กลับหน้าหลัก

Brief Record : Get Marc (ISO 2709) : E-mail record : QR code < ปิดหน้าต่าง
LEADER : 00000nam 2200000uu 4500
001    13399127883
003     ULIB
008    211019s2563||||th 000 0 tha d
020    ^a9786164492349
050  0 ^aPE420^bอ772ป
100    ^aอีคีแทก สถาบันวิจัย MOZILGE
245    ^aประลองโจทย์ข้อสอบจริง TOEIC 1000 ข้อ RC (Reading
260    ^aกรุงเทพฯ :^bอินส์พัลธิงค์ บียอนด์ บุ๊คส์,^c2563
300    ^a316 หน้า;^b29 ซม.
650    ^aภาษาอังกฤษ - ข้อสอบและเฉลย
945    ^p300^l0^i008513
999    ^aประนอม เกษจรัล
รายการนี้ยังไม่มีแท็ก
คุณยังไม่ได้ล็อกอิน คุณสามารถมีกิจกรรมร่วมกับเว็บไซต์ได้ แต่ต้องล็อกอินก่อน ::
  ล็อกอิน

รายการสื่อสารสนเทศ

ลำดับที่ ประเภท เลขเรียก/บาร์โค้ด สถานที่ สถานะ
1. การศึกษาทั่วไป
หนังสือสำรอง
สถานะ=หนังสือสำรอง
PE420 อ772ป ฉ.1 
  Barcode: 008513
ห้องสมุดวิทยาเขตสวรรค์ประชารักษ์
►หนังสือทั่วไป
บนชั้น

รายการใกล้เคียง
    ชื่อเรื่อง [ประลองโจทย์ข้อสอบจริง TOEIC 1000 ข้อ RC (Reading]

    ผู้แต่ง [อีคีแทก สถาบันวิจัย MOZILGE]

    หัวเรื่อง [ภาษาอังกฤษ - ข้อสอบและเฉลย]

BibComment


ยังไม่เคยถูกคอมเมนท์

คอมเมนท์ทรัพยากรรายการนี้
  คอมเมนท์: ประลองโจทย์ข้อสอ..


 Copyright 2026. Bcnsprnw @Library